[Event "Stavanger op"]
[Site "Stavanger"]
[Date "2018.10.11"]
[Round "2"]
[White "Magalashvili, Davit"]
[Black "Myrheim, Hakon Abeland"]
[Result "1-0"]
[WhiteElo "2508"]
[BlackElo "2021"]
[PlyCount "81"]
[EventDate "2018.10.10"]
[EventType "swiss"]
[EventRounds "9"]
[EventCountry "NOR"]
[SourceTitle "CBM 186 Extra"]
[Source "ChessBase"]
[SourceDate "2018.08.24"]
[SourceVersion "1"]
[SourceVersionDate "2018.08.24"]
[SourceQuality "1"]

1. Nf3 Nf6 2. g3 b5 3. Bg2 Bb7 4. b3 e6 5. c4 b4 6. Bb2 c5 7. 0-0 Na6 8. a3 Be7 9. d4 cxd4 10. Bxd4 Qb8 11. axb4 Nxb4 12. Nc3 Nc6 13. Be3 d6 14. Qd2 0-0 15. Rfd1 h6 16. Bf4 e5 17. Be3 Ng4 18. Nd5 Nxe3 19. Qxe3 Rd8 20. Ne1 Bf8 21. Nc2 Ne7 22. Ra5 Bxd5 23. Bxd5 Nxd5 24. Rdxd5 Qb6 25. Rdb5 Qxe3 26. Nxe3 Rab8 27. Nd5 Rxb5 28. Rxb5 Rd7 29. e4 Be7 30. b4 Bd8 31. c5 dxc5 32. bxc5 f6 33. c6 Rd6 34. c7 Bxc7 35. Nxc7 Rd4 36. f3 Rd3 37. Kg2 Rd2+ 38. Kh3 Rd3 39. Rb7 Rxf3 40. Ne6 g5 41. Kg4 1-0

[Event "Helsingor Xtracon op"]
[Site "Helsingor"]
[Date "2018.07.24"]
[Round "5"]
[White "Mejvik, Jacob"]
[Black "Myrheim, Hakon Abeland"]
[Result "0-1"]
[WhiteElo "2099"]
[BlackElo "1888"]
[PlyCount "84"]
[EventDate "2018.07.21"]
[EventType "swiss"]
[EventRounds "10"]
[EventCountry "DEN"]
[SourceTitle "CBM 185 Extra"]
[Source "ChessBase"]
[SourceDate "2018.07.29"]
[SourceVersion "1"]
[SourceVersionDate "2018.07.29"]
[SourceQuality "1"]

1. Nf3 d5 2. d4 Nf6 3. c4 e6 4. g3 dxc4 5. Bg2 a6 6. 0-0 Nc6 7. e3 Bd7 8. Qe2 b5 9. Ne5 Nd5 10. Nxd7 Qxd7 11. Rd1 Rd8 12. a4 Be7 13. axb5 axb5 14. b3 cxb3 15. e4 Nxd4 16. Rxd4 Nf4 17. Bxf4 Qxd4 18. Qxb5+ Kf8 19. Be5 Qd1+ 20. Bf1 f6 21. Bc3 Kf7 22. Na3 Qf3 23. Qxb3 Rd2 24. Bxd2 Qxb3 25. Nc4 Bc5 26. Rc1 Rd8 27. Be1 Rd1 28. Na5 Qa4 29. Rc4 Qa3 30. Bc3 Rc1 31. Bd2 Rxc4 32. Nxc4 Qf3 33. Be1 Qxe4 34. Bd2 Qf3 35. Be1 Bd4 36. Na5 c5 37. Nc4 Ke7 38. Na5 g5 39. Nc4 h5 40. Na5 h4 41. gxh4 Qg4+ 42. Kh1 Qe4+ 0-1

[Event "Stavanger op"]
[Site "Stavanger"]
[Date "2017.10.12"]
[Round "3"]
[White "Haug, Johannes"]
[Black "Myrheim, Hakon Abeland"]
[Result "1-0"]
[WhiteElo "2379"]
[BlackElo "1844"]
[PlyCount "73"]
[EventDate "2017.10.11"]
[EventType "swiss"]
[EventRounds "9"]
[EventCountry "NOR"]
[SourceTitle "CBM 181 Extra"]
[Source "ChessBase"]
[SourceDate "2017.12.12"]
[SourceVersion "1"]
[SourceVersionDate "2017.12.12"]
[SourceQuality "1"]

1. e4 c5 2. Nf3 g6 3. c3 Bg7 4. d4 cxd4 5. cxd4 d5 6. e5 Bg4 7. Bb5+ Nc6 8. Bxc6+ bxc6 9. Nbd2 e6 10. h3 Bxf3 11. Nxf3 Ne7 12. 0-0 0-0 13. b3 a5 14. Ba3 Re8 15. Qc2 Qc8 16. Bd6 Qb7 17. Rac1 Ra6 18. Bc5 Nc8 19. Ne1 Nb6 20. Nd3 Nd7 21. b4 a4 22. Bd6 Bf8 23. Nc5 Nxc5 24. bxc5 Ra5 25. Rb1 Rb5 26. Rxb5 Qxb5 27. Rb1 Qa5 28. a3 Bh6 29. Rb4 Ra8 30. Qb1 g5 31. Kh2 Kg7 32. Be7 Rc8 33. g3 Ra8 34. Rb8 Rxb8 35. Qxb8 Qd2 36. Bf6+ Kg6 37. Qg8+ 1-0

[Event "Kragero Grand Prix A"]
[Site "Kragero"]
[Date "2017.09.01"]
[Round "5"]
[White "Myrheim, Hakon Abeland"]
[Black "Skjolingstad, Sverre"]
[Result "0-1"]
[WhiteElo "1788"]
[BlackElo "1624"]
[PlyCount "60"]
[EventDate "2017.09.01"]
[EventType "swiss (rapid)"]
[EventRounds "6"]
[EventCountry "NOR"]
[SourceTitle "EXT 2024"]
[Source "ChessBase"]
[SourceDate "2023.10.10"]
[SourceVersion "1"]
[SourceVersionDate "2023.10.10"]
[SourceQuality "1"]

1. d4 Nf6 2. c4 c5 3. d5 b5 4. cxb5 a6 5. Nc3 Qa5 6. Bd2 axb5 7. e4 b4 8. Nb5 Ba6 9. a4 g6 10. Bf4 d6 11. e5 Nh5 12. exd6 Nxf4 13. Nc7+ Kd8 14. Nxa8 exd6 15. Qf3 Bh6 16. g3 Re8+ 17. Kd1 Bxf1 18. gxf4 Nd7 19. Kc2 Bc4 20. b3 Ba6 21. h4 Bg7 22. Rc1 Nf6 23. h5 Bb7 24. Rd1 Qxa8 25. Rh3 Bc8 26. Rh2 Bg4 27. Qg3 Bxd1+ 28. Kxd1 Qxd5+ 29. Kc2 Re1 30. Qf3 Ne4 0-1

[Event "Helsingor Xtracon op"]
[Site "Helsingor"]
[Date "2017.07.29"]
[Round "9"]
[White "Jepsen, Thomas Tange"]
[Black "Myrheim, Hakon Abeland"]
[Result "1-0"]
[WhiteElo "2052"]
[BlackElo "1880"]
[PlyCount "107"]
[EventDate "2017.07.22"]
[EventType "swiss"]
[EventRounds "10"]
[EventCountry "DEN"]
[SourceTitle "CBM 179 Extra"]
[Source "ChessBase"]
[SourceDate "2017.08.23"]
[SourceVersion "1"]
[SourceVersionDate "2017.08.23"]
[SourceQuality "1"]

1. d4 Nf6 2. c4 c5 3. d5 b5 4. Nf3 bxc4 5. Nc3 g6 6. e4 d6 7. Bxc4 Bg7 8. h3 0-0 9. 0-0 Ba6 10. Qd3 Bxc4 11. Qxc4 Nbd7 12. Bf4 Rb8 13. Qe2 Qa5 14. Rac1 Rb4 15. b3 Rc8 16. Bd2 Rb7 17. Na4 Qb5 18. Rc4 Nb6 19. Nd4 cxd4 20. Nxb6 Rxc4 21. Nxc4 Nd7 22. Rc1 Rc7 23. f4 Nb6 24. Qd3 e6 25. a4 Qd7 26. a5 Nxc4 27. Rxc4 exd5 28. Rxc7 Qxc7 29. exd5 Qc5 30. Qc4 d3+ 31. Qxc5 dxc5 32. Kf2 Bd4+ 33. Kf3 f5 34. a6 h6 35. g4 fxg4+ 36. Kxg4 Bf6 37. Kf3 Kf7 38. Ba5 Be7 39. Bb6 Ke8 40. Bxa7 Kd7 41. Bb6 Kc8 42. Ke3 Bd6 43. Kxd3 Bxf4 44. Bxc5 g5 45. Ke4 Kb8 46. Kf5 Kc8 47. Kg6 Kb8 48. b4 Ka8 49. b5 Bb8 50. d6 h5 51. d7 Bc7 52. b6 Bd8 53. b7+ Kb8 54. Bd6+ 1-0

[Event "Helsingor Xtracon op"]
[Site "Helsingor"]
[Date "2017.07.24"]
[Round "4"]
[White "Myrheim, Hakon Abeland"]
[Black "Jensen, Morten Frank"]
[Result "0-1"]
[WhiteElo "1880"]
[BlackElo "2063"]
[PlyCount "110"]
[EventDate "2017.07.22"]
[EventType "swiss"]
[EventRounds "10"]
[EventCountry "DEN"]
[SourceTitle "CBM 179 Extra"]
[Source "ChessBase"]
[SourceDate "2017.08.23"]
[SourceVersion "1"]
[SourceVersionDate "2017.08.23"]
[SourceQuality "1"]

1. e4 d5 2. exd5 Nf6 3. Bb5+ Bd7 4. Be2 Nxd5 5. d4 g6 6. c4 Nb6 7. Nc3 c6 8. h3 Bg7 9. Nf3 0-0 10. 0-0 Be6 11. c5 Nd5 12. Nxd5 Bxd5 13. Be3 Nd7 14. b4 b6 15. Qd2 Re8 16. Rfc1 a5 17. b5 bxc5 18. dxc5 Bxa1 19. Rxa1 Bxf3 20. Bxf3 Ne5 21. b6 Nxf3+ 22. gxf3 Qxd2 23. Bxd2 f6 24. Rb1 Red8 25. b7 Rab8 26. Bxa5 Rd7 27. Bb6 Rdxb7 28. a4 Ra8 29. Ra1 Rd7 30. a5 Ra6 31. Kf1 Kf7 32. Ke2 Rd5 33. h4 Ke6 34. Ke3 Kd7 35. Rc1 Kc8 36. Ra1 Kd7 37. Rc1 Ra8 38. Ra1 Ra6 39. Rc1 Ke6 40. Ra1 Re5+ 41. Kd3 Kf5 42. Ra4 Rd5+ 43. Ke2 h5 44. Rc4 g5 45. Ra4 e5 46. Rc4 Rd4 47. Rxd4 exd4 48. Kd3 gxh4 49. Bc7 h3 50. Kxd4 Rxa5 51. Kd3 Rxc5 52. Bh2 Rc1 53. Kd2 Rh1 54. Bg3 Rg1 55. Bh2 Rg2 0-1

[Event "NOR-ch Klasse2"]
[Site "Stavanger"]
[Date "2017.07.06"]
[Round "7"]
[White "Myrheim, Hakon Abeland"]
[Black "Dyrnes, Jussi"]
[Result "0-1"]
[WhiteElo "1880"]
[BlackElo "1774"]
[PlyCount "64"]
[EventDate "2017.07.01"]
[EventType "swiss"]
[EventRounds "9"]
[EventCountry "NOR"]
[SourceTitle "EXT 2018"]
[Source "ChessBase"]
[SourceDate "2017.10.13"]
[SourceVersion "1"]
[SourceVersionDate "2017.10.13"]
[SourceQuality "1"]

1. e4 Nf6 2. e5 Nd5 3. d4 d6 4. c4 Nb6 5. exd6 exd6 6. Nc3 Be7 7. Bd3 Nc6 8. Be3 d5 9. c5 Nc4 10. Bxc4 dxc4 11. Qa4 Be6 12. d5 Bxd5 13. Rd1 Bxg2 14. Rxd8+ Rxd8 15. Nf3 Bxh1 16. Ne5 0-0 17. Nxc6 Bxc6 18. Qxc4 Bf6 19. Ke2 Rfe8 20. Qb4 a6 21. Qf4 Bxc3 22. bxc3 Rd5 23. Kf1 Rde5 24. h4 g6 25. Kg1 Re4 26. Qf6 R4e6 27. Qf4 Re5 28. Bd4 Rf5 29. Qd2 Re4 30. Qc1 Rxh4 31. f3 Rxf3 32. Qg5 Rh1+ 0-1

[Event "Sandnes CC-ch A"]
[Site "Sandnes"]
[Date "2017.05.02"]
[Round "7"]
[White "Shehzad, Shazil Khan"]
[Black "Myrheim, Hakon Abeland"]
[Result "1/2-1/2"]
[WhiteElo "1783"]
[BlackElo "1824"]
[PlyCount "81"]
[EventDate "2017.02.07"]
[EventType "swiss"]
[EventRounds "7"]
[EventCountry "NOR"]
[SourceTitle "EXT 2024"]
[Source "ChessBase"]
[SourceDate "2023.10.10"]
[SourceVersion "1"]
[SourceVersionDate "2023.10.10"]
[SourceQuality "1"]

1. e4 d5 2. exd5 Nf6 3. Bb5+ Bd7 4. Be2 Nxd5 5. d4 Bf5 6. a3 e6 7. c4 Nb6 8. Nf3 Be7 9. Nc3 0-0 10. 0-0 Bf6 11. h3 Nc6 12. Be3 Qd7 13. Qd2 Na5 14. Rad1 Nbxc4 15. Bxc4 Nxc4 16. Qe2 Nb6 17. Ne5 Qc8 18. g4 Bg6 19. f4 Bxe5 20. dxe5 h6 21. Qf3 Nc4 22. Bc1 Rd8 23. b3 Rxd1 24. Nxd1 Nb6 25. f5 exf5 26. gxf5 Bh7 27. Kh2 Qe8 28. Bb2 Qc6 29. Qg3 Qc2+ 30. Rf2 Qxd1 31. e6 g5 32. Qc3 Kf8 33. Qg7+ Ke7 34. Qxf7+ Kd6 35. e7 Bg8 36. e8Q Rxe8 37. Qxe8 Bd5 38. Be5+ Kc5 39. Qe7+ Kb5 40. Qb4+ Ka6 41. Qd2 1/2-1/2

[Event "Sandnes CC-ch A"]
[Site "Sandnes"]
[Date "2017.03.14"]
[Round "4"]
[White "Okland, Sveinung"]
[Black "Myrheim, Hakon Abeland"]
[Result "1/2-1/2"]
[WhiteElo "1847"]
[BlackElo "1824"]
[PlyCount "115"]
[EventDate "2017.02.07"]
[EventType "swiss"]
[EventRounds "7"]
[EventCountry "NOR"]
[SourceTitle "EXT 2024"]
[Source "ChessBase"]
[SourceDate "2023.10.10"]
[SourceVersion "1"]
[SourceVersionDate "2023.10.10"]
[SourceQuality "1"]

1. d4 Nf6 2. Bf4 c5 3. e3 e6 4. c3 b6 5. Nd2 Be7 6. Bd3 Bb7 7. Ngf3 0-0 8. a4 cxd4 9. exd4 d6 10. Qc2 Nbd7 11. 0-0 Re8 12. Nc4 Qc7 13. Qe2 Bf8 14. Bg5 g6 15. Rfe1 Bg7 16. Bxf6 Bxf6 17. Ncd2 e5 18. dxe5 dxe5 19. Be4 Bxe4 20. Nxe4 Bg7 21. Qb5 Nf6 22. Nxf6+ Bxf6 23. Rad1 Re7 24. h4 Rd8 25. Ng5 Rxd1 26. Rxd1 Bxg5 27. hxg5 Qc8 28. Qd5 Qb7 29. Qd8+ Kg7 30. Rd5 Qc6 31. a5 Re6 32. axb6 axb6 33. Rd1 Re8 34. Qd3 Re6 35. c4 Qc5 36. b3 e4 37. Qd4+ Qxd4 38. Rxd4 Re5 39. Kf1 b5 40. Ke2 bxc4 41. Rxc4 Rxg5 42. g3 Rb5 43. b4 f5 44. Ke3 Kf6 45. Kd4 g5 46. Rc6+ Kf7 47. Kc4 Rb7 48. b5 f4 49. gxf4 gxf4 50. Kd4 e3 51. fxe3 fxe3 52. Kxe3 Rxb5 53. Kf4 h5 54. Kg3 Rb4 55. Kh3 h4 56. Rh6 Kg7 57. Rxh4 Rxh4+ 58. Kxh4 1/2-1/2

[Event "Bergen Grand Prix op"]
[Site "Bergen"]
[Date "2016.11.11"]
[Round "2"]
[White "Kyrkjebo, Hannah Bakken"]
[Black "Myrheim, Hakon Abeland"]
[Result "1-0"]
[WhiteElo "1918"]
[BlackElo "1681"]
[PlyCount "65"]
[EventDate "2016.11.11"]
[EventType "swiss"]
[EventRounds "5"]
[EventCountry "NOR"]
[SourceTitle "CBM 175 Extra"]
[Source "ChessBase"]
[SourceDate "2016.12.12"]
[SourceVersion "1"]
[SourceVersionDate "2016.12.12"]
[SourceQuality "1"]

1. e4 c5 2. Nf3 Nc6 3. Bb5 g6 4. Bxc6 bxc6 5. 0-0 Bg7 6. c3 Nh6 7. Re1 f6 8. d4 cxd4 9. cxd4 Nf7 10. Nc3 0-0 11. Be3 Rb8 12. Qc2 Nd6 13. b3 Nb5 14. Rac1 f5 15. Nxb5 Rxb5 16. a4 Rb7 17. Qc4+ Kh8 18. exf5 Rxf5 19. Bg5 Bf8 20. Ne5 Qe8 21. g4 Rxg5 22. Nf7+ Kg7 23. Nxg5 e6 24. d5 Rb4 25. Qc3+ Kg8 26. Ne4 Qd8 27. Nf6+ Kf7 28. g5 Bb7 29. dxe6+ dxe6 30. Rcd1 Qb6 31. Rd7+ Be7 32. Qh3 h5 33. Qxe6+ 1-0

[Event "Bergen Grand Prix op"]
[Site "Bergen"]
[Date "2016.11.11"]
[Round "1"]
[White "Myrheim, Hakon Abeland"]
[Black "Gandrud, Vegar Koi"]
[Result "0-1"]
[WhiteElo "1681"]
[BlackElo "2252"]
[PlyCount "74"]
[EventDate "2016.11.11"]
[EventType "swiss"]
[EventRounds "5"]
[EventCountry "NOR"]
[SourceTitle "CBM 175 Extra"]
[Source "ChessBase"]
[SourceDate "2016.12.12"]
[SourceVersion "1"]
[SourceVersionDate "2016.12.12"]
[SourceQuality "1"]

1. e4 c5 2. Nc3 d6 3. f4 a6 4. d3 b5 5. Nf3 g6 6. g3 Bg7 7. Bg2 b4 8. Ne2 e6 9. 0-0 Ne7 10. Qe1 0-0 11. g4 Nbc6 12. Qh4 f5 13. h3 Rb8 14. Re1 a5 15. a3 bxa3 16. Rxa3 Nb4 17. Rd1 Nxc2 18. Ra2 Nc6 19. Qg3 N6b4 20. Ra4 Bd7 21. b3 Bxa4 22. bxa4 Nc6 23. exf5 N6d4 24. Nexd4 Nxd4 25. Re1 Rb1 26. Qf2 Nxf3+ 27. Qxf3 gxf5 28. Bd2 Rxe1+ 29. Bxe1 Qf6 30. gxf5 Qxf5 31. Bd2 Kh8 32. h4 e5 33. Qd5 exf4 34. Qf3 Bd4+ 35. Kh2 Qf6 36. Kh3 Rg8 37. Be1 Qe6+ 0-1

[Event "Bergen Grand Prix op"]
[Site "Bergen"]
[Date "2016.11.11"]
[Round "3"]
[White "Myrheim, Hakon Abeland"]
[Black "Shehzad, Shazil Khan"]
[Result "1/2-1/2"]
[WhiteElo "1681"]
[BlackElo "1649"]
[PlyCount "99"]
[EventDate "2016.11.11"]
[EventType "swiss"]
[EventRounds "5"]
[EventCountry "NOR"]
[SourceTitle "CBM 175 Extra"]
[Source "ChessBase"]
[SourceDate "2016.12.12"]
[SourceVersion "1"]
[SourceVersionDate "2016.12.12"]
[SourceQuality "1"]

1. e4 e6 2. Qe2 c5 3. Nf3 Nc6 4. g3 Nf6 5. Bg2 Be7 6. 0-0 0-0 7. e5 Nd5 8. c4 Ndb4 9. d3 d6 10. a3 Na6 11. exd6 Bxd6 12. Nc3 Nc7 13. Ne4 Be7 14. h4 Ne8 15. Rb1 b6 16. Bd2 h6 17. b4 f5 18. Nc3 cxb4 19. axb4 Nxb4 20. Ne5 Rb8 21. Ng6 Rf6 22. Nxe7+ Qxe7 23. Bf4 Rb7 24. Bxb7 Bxb7 25. f3 Nc6 26. Be5 Qc5+ 27. d4 Nxd4 28. Qe3 Nxf3+ 29. Rxf3 Bxf3 30. Qxc5 bxc5 31. Bxf6 Nxf6 32. Kf2 Bc6 33. Ra1 Be4 34. Rxa7 Bd3 35. Rc7 Bxc4 36. Rxc5 Bd5 37. Nxd5 Nxd5 38. Kf3 Kf7 39. Ra5 Kf6 40. g4 Ke5 41. Ra7 g5 42. hxg5 hxg5 43. gxf5 exf5 44. Rg7 Kf6 45. Rd7 Ne7 46. Ra7 Ke6 47. Ra6+ Ke5 48. Ra7 Nd5 49. Rg7 g4+ 50. Rxg4 1/2-1/2

[Event "Fagernes TV 2 Elo op"]
[Site "Fagernes"]
[Date "2016.01.01"]
[Round "7"]
[White "Landsverk, Ida"]
[Black "Myrheim, Hakon Abeland"]
[Result "0-1"]
[WhiteElo "1377"]
[BlackElo "1595"]
[PlyCount "50"]
[EventDate "2015.12.27"]
[EventType "swiss"]
[EventRounds "9"]
[EventCountry "NOR"]
[SourceTitle "CBM 170 Extra"]
[Source "ChessBase"]
[SourceDate "2016.02.25"]
[SourceVersion "1"]
[SourceVersionDate "2016.02.25"]
[SourceQuality "1"]

1. c4 c5 2. Nf3 Nc6 3. g3 g6 4. Bg2 Bg7 5. 0-0 Nf6 6. Nc3 0-0 7. Rb1 Rb8 8. a3 a6 9. b4 cxb4 10. axb4 b5 11. Qc2 bxc4 12. b5 axb5 13. Nxb5 Ba6 14. Nc3 Rxb1 15. Qxb1 Qb8 16. Ba3 Qb3 17. Qa1 Nd5 18. Bb2 Ra8 19. Ng5 Bb7 20. Qxa8+ Bxa8 21. Bxd5 Qxb2 22. Rb1 Qxd2 23. Bxc6 Bxc6 24. Rb8+ Bf8 25. Nxh7 Qe1# 0-1

[Event "Sandnes CC-ch A"]
[Site "Sandnes"]
[Date "2016.??.??"]
[Round "4"]
[White "Hjornevik, Knut Jarle"]
[Black "Myrheim, Hakon Abeland"]
[Result "1-0"]
[WhiteElo "1957"]
[BlackElo "1665"]
[PlyCount "97"]
[EventDate "2016.02.02"]
[EventType "tourn"]
[EventRounds "7"]
[EventCountry "NOR"]
[SourceTitle "EXT 2024"]
[Source "ChessBase"]
[SourceDate "2023.10.10"]
[SourceVersion "1"]
[SourceVersionDate "2023.10.10"]
[SourceQuality "1"]

1. e4 c5 2. Nf3 g6 3. c4 Bg7 4. d4 cxd4 5. Nxd4 Nc6 6. Be3 Nf6 7. Nc3 0-0 8. Be2 d6 9. 0-0 Bd7 10. Qd2 Qa5 11. f3 Rac8 12. Rfc1 Nxd4 13. Bxd4 Bc6 14. Rab1 Rfd8 15. b4 Qc7 16. Nd5 Bxd5 17. cxd5 Qb8 18. Qe3 b6 19. Ba6 Rxc1+ 20. Rxc1 Ne8 21. Bxg7 Kxg7 22. g4 Kg8 23. Qc3 Rd7 24. Qc8 Rd8 25. Qxb8 Rxb8 26. a4 Kg7 27. g5 f5 28. Kf2 Kf7 29. Ke3 e5 30. dxe6+ Kxe6 31. Bc8+ Kf7 32. exf5 gxf5 33. Bxf5 Kg8 34. Bc8 Kg7 35. h4 d5 36. Kd4 Nd6 37. Bg4 Nc4 38. Re1 Rd8 39. Re7+ Kh8 40. Rxa7 Nd6 41. Rd7 Rxd7 42. Bxd7 Kg7 43. Kxd5 Nf7 44. f4 Kf8 45. Kc6 Ke7 46. Bf5 h6 47. Kxb6 hxg5 48. hxg5 Kd6 49. a5 1-0

[Event "Sandnes CC-ch A"]
[Site "Sandnes"]
[Date "2016.??.??"]
[Round "3"]
[White "Myrheim, Hakon Abeland"]
[Black "Askari, Farhad"]
[Result "1/2-1/2"]
[WhiteElo "1665"]
[BlackElo "1651"]
[PlyCount "27"]
[EventDate "2016.02.02"]
[EventType "tourn"]
[EventRounds "7"]
[EventCountry "NOR"]
[SourceTitle "EXT 2024"]
[Source "ChessBase"]
[SourceDate "2023.10.10"]
[SourceVersion "1"]
[SourceVersionDate "2023.10.10"]
[SourceQuality "1"]

1. e4 c6 2. d4 d5 3. e5 Bf5 4. Nf3 h6 5. Be2 e6 6. 0-0 Nd7 7. Re1 c5 8. c4 Qc7 9. cxd5 exd5 10. Nc3 Be6 11. Bf4 a6 12. Rc1 c4 13. Qa4 Qb8 14. h3 1/2-1/2

[Event "Sandnes CC-ch A"]
[Site "Sandnes"]
[Date "2016.??.??"]
[Round "7"]
[White "Myrheim, Hakon Abeland"]
[Black "Baldursson, Hrannar"]
[Result "0-1"]
[WhiteElo "1665"]
[BlackElo "2129"]
[PlyCount "120"]
[EventDate "2016.02.02"]
[EventType "tourn"]
[EventRounds "7"]
[EventCountry "NOR"]
[SourceTitle "EXT 2024"]
[Source "ChessBase"]
[SourceDate "2023.10.10"]
[SourceVersion "1"]
[SourceVersionDate "2023.10.10"]
[SourceQuality "1"]

1. e4 d6 2. d4 Nf6 3. Nc3 c5 4. d5 e6 5. Bd3 Be7 6. f4 exd5 7. exd5 0-0 8. Nf3 Na6 9. 0-0 Nb4 10. Be2 Bf5 11. Ne1 Qc8 12. a3 Na6 13. h3 Ne4 14. Nxe4 Bxe4 15. c4 Bf6 16. Nc2 Re8 17. Bd3 Qd7 18. Re1 Bxd3 19. Rxe8+ Rxe8 20. Qxd3 Qe7 21. Rb1 Qe2 22. Qxe2 Rxe2 23. Ne3 Bh4 24. Nf5 Re1+ 25. Kh2 Bf2 26. b3 Nc7 27. Ra1 Ne8 28. Bb2 Re2 29. Bc3 h5 30. Rc1 h4 31. b4 b6 32. bxc5 bxc5 33. Ba5 g6 34. Nh6+ Kg7 35. Ng4 Bg3+ 36. Kg1 f5 37. Bc3+ Kh7 38. Nf6+ Nxf6 39. Bxf6 Bxf4 40. Rb1 g5 41. Bc3 Be3+ 42. Kh1 Rc2 43. Bf6 Rxc4 44. Re1 Rc1 45. Rxc1 Bxc1 46. a4 a6 47. Kg1 Kg6 48. Bc3 g4 49. hxg4 fxg4 50. Kf2 Kf5 51. g3 h3 52. Kg1 Ke4 53. Kh2 Kxd5 54. a5 Be3 55. Kh1 Kc4 56. Be1 d5 57. Kh2 d4 58. Kh1 d3 59. Kh2 d2 60. Bxd2 Bxd2 0-1

[Event "Sandnes CC-ch A"]
[Site "Sandnes"]
[Date "2016.??.??"]
[Round "6"]
[White "Skrede, Snorre"]
[Black "Myrheim, Hakon Abeland"]
[Result "1/2-1/2"]
[WhiteElo "1848"]
[BlackElo "1665"]
[PlyCount "45"]
[EventDate "2016.02.02"]
[EventType "tourn"]
[EventRounds "7"]
[EventCountry "NOR"]
[SourceTitle "EXT 2024"]
[Source "ChessBase"]
[SourceDate "2023.10.10"]
[SourceVersion "1"]
[SourceVersionDate "2023.10.10"]
[SourceQuality "1"]

1. d4 d5 2. c4 e6 3. Nf3 Nf6 4. g3 Be7 5. Bg2 0-0 6. 0-0 dxc4 7. Qc2 a6 8. Qxc4 b5 9. Qc2 Bb7 10. Bd2 Be4 11. Qc1 Bb7 12. Rd1 Nbd7 13. Ba5 Rc8 14. Ne5 Bxg2 15. Kxg2 Nxe5 16. dxe5 Nd7 17. Nd2 Qe8 18. Nf3 c5 19. Qe3 Bd8 20. Bxd8 Qxd8 21. Rd6 Qc7 22. Rad1 Nb6 23. b3 1/2-1/2

[Event "Fagernes TV 2 Elo op"]
[Site "Fagernes"]
[Date "2015.12.29"]
[Round "4"]
[White "Myrheim, Hakon Abeland"]
[Black "Erikstad, Olav Age"]
[Result "0-1"]
[WhiteElo "1595"]
[BlackElo "1821"]
[PlyCount "116"]
[EventDate "2015.12.27"]
[EventType "swiss"]
[EventRounds "9"]
[EventCountry "NOR"]
[SourceTitle "CBM 170 Extra"]
[Source "ChessBase"]
[SourceDate "2016.02.25"]
[SourceVersion "1"]
[SourceVersionDate "2016.02.25"]
[SourceQuality "1"]

1. e4 c6 2. d4 d5 3. e5 Bf5 4. Nf3 e6 5. Be2 c5 6. Be3 c4 7. 0-0 Nc6 8. c3 Be7 9. Nbd2 g5 10. Ne1 Qb6 11. b3 Ba3 12. bxc4 Bb2 13. Rc1 Bxc1 14. Qxc1 Qd8 15. Nd3 b6 16. Qb2 h6 17. Qb5 Nge7 18. Nb4 Qd7 19. Bf3 Nxb4 20. Qxb4 Rd8 21. Bd1 Nc6 22. Qb5 Na5 23. Qxd7+ Kxd7 24. c5 bxc5 25. dxc5 Nc6 26. f4 g4 27. Ba4 Kc7 28. Nb3 Rb8 29. Bxc6 Kxc6 30. Nd4+ Kc7 31. Nxf5 exf5 32. Bd4 Rhe8 33. e6 Kc6 34. Be5 Rb7 35. exf7 Rxf7 36. Bd4 Rb7 37. Rc1 Re2 38. a4 Rbe7 39. Be5 Kxc5 40. Kf1 Ra2 41. Rd1 Rxa4 42. Re1 Re4 43. Ra1 Rb7 44. Ra6 Rb2 45. Bd6+ Kc4 46. Rxa7 Kd3 47. Ra1 Ree2 48. Rd1+ Kc4 49. Rd4+ Kxc3 50. Be5 Rxe5 51. fxe5 Kxd4 52. e6 Rb8 53. Kf2 Re8 54. h3 Rxe6 55. hxg4 fxg4 56. Kg3 Re4 57. Kh4 Kc3 58. g3 d4 0-1

[Event "Sandnes CC-ch"]
[Site "Sandnes"]
[Date "2015.02.03"]
[Round "2"]
[White "Myrheim, Hakon Abeland"]
[Black "Gausdal, Stein Tore"]
[Result "1/2-1/2"]
[WhiteElo "1052"]
[BlackElo "1449"]
[PlyCount "45"]
[EventDate "2015.02.03"]
[EventType "swiss"]
[EventRounds "7"]
[EventCountry "NOR"]
[SourceTitle "EXT 2017"]
[Source "ChessBase"]
[SourceDate "2016.10.25"]
[SourceVersion "1"]
[SourceVersionDate "2016.10.25"]
[SourceQuality "1"]

1. e4 c5 2. Nc3 Nc6 3. Bb5 Nd4 4. Bc4 e6 5. Nf3 Nf6 6. 0-0 a6 7. d3 b5 8. Bb3 Nxb3 9. axb3 Bb7 10. Bg5 d6 11. Re1 Be7 12. Ne2 0-0 13. Ng3 Qc7 14. Qe2 Rfd8 15. Rad1 Rac8 16. e5 dxe5 17. Nxe5 Rf8 18. c3 Nd5 19. Bxe7 Qxe7 20. f3 Nf4 21. Qe3 Nd5 22. Qe2 Nf4 23. Qe3 1/2-1/2

[Event "Sandnes CC-ch"]
[Site "Sandnes"]
[Date "2015.02.03"]
[Round "7"]
[White "Myrheim, Hakon Abeland"]
[Black "Jensen, Lars Vognsen"]
[Result "1-0"]
[WhiteElo "1052"]
[BlackElo "1325"]
[PlyCount "20"]
[EventDate "2015.02.03"]
[EventType "swiss"]
[EventRounds "7"]
[EventCountry "NOR"]
[SourceTitle "EXT 2017"]
[Source "ChessBase"]
[SourceDate "2016.10.25"]
[SourceVersion "1"]
[SourceVersionDate "2016.10.25"]
[SourceQuality "1"]

1. e4 e5 2. Nf3 Nf6 3. Nxe5 d6 4. Nf3 Nxe4 5. Nc3 Bf5 6. Qe2 Qe7 7. Nd5 Qd7 8. d3 Be6 9. dxe4 Nc6 10. Bg5 f6 1-0